000 00431cam a2200181 4500
001 D7977
008 090401t1981 xxu||||| |||| 00| 0 eng d
035 _a(Sirsi) u10452
041 _aeng
050 _a336.22
100 _aPrest, A.R.
245 4 _aThe taxation of urban land
260 _aManchester
_bManchester University Press
_c1981
300 _avii. 207p. 22cm
350 _a19.5
942 _n0
948 _c04/03/1997
999 _c86743
_d86743